|
|
|
|
| LEADER |
00000nam0a2200000 4500 |
| 001 |
100432 |
| 005 |
20231031112117.0 |
| 020 |
|
|
|a RU
|b 84-39976
|
| 035 |
|
|
|a (RuTPU)RU\TPU\book\108048
|
| 090 |
|
|
|a 100432
|
| 100 |
|
|
|a 20060823d1984 k y0rusy5003 ca
|
| 101 |
0 |
|
|a rus
|
| 102 |
|
|
|a RU
|
| 105 |
|
|
|a a z 001zy
|
| 200 |
1 |
|
|a Гидрометеорологические исследования на юге Дальнего Востока
|e сборник статей
|f Академия Наук СССР; Дальневосточный научный центр; под ред. К. П. Караванова, А. Ф. Мандыч
|
| 210 |
|
|
|a Владивосток
|c ДВНЦ АН СССР
|d 1984
|
| 215 |
|
|
|a 115 с.
|c ил.
|
| 320 |
|
|
|a Библиография в конце статей
|
| 610 |
1 |
|
|a геология
|
| 610 |
1 |
|
|a гидрометеорологические наблюдения
|
| 610 |
1 |
|
|a Дальний Восток
|
| 610 |
1 |
|
|a Хабаровский край
|
| 610 |
1 |
|
|a Амурская область
|
| 610 |
1 |
|
|a атмосферные осадки
|
| 610 |
1 |
|
|a почвенные воды
|
| 610 |
1 |
|
|a гидрологический режим
|
| 675 |
|
|
|a 551.5.01
|z rus
|
| 702 |
|
1 |
|a Караванов
|b К. П.
|g Константин Прохорович
|4 340
|
| 702 |
|
1 |
|a Мандыч
|b А. Ф.
|4 340
|
| 712 |
0 |
2 |
|a Академия наук СССР (АН СССР)
|b Дальневосточный научный центр (ДНЦ)
|c (Владивосток)
|c (1970-1986)
|2 stltpush
|3 (RuTPU)RU\TPU\col\328
|
| 801 |
|
0 |
|a RU
|b RuMRKP
|c 19950704
|g psbo
|
| 801 |
|
1 |
|a RU
|b 63413507
|c 20060823
|g PSBO
|
| 801 |
|
2 |
|a RU
|b 63413507
|c 20151217
|g PSBO
|
| 942 |
|
|
|c BK
|